000 00836nam a2200289Ic 4500
001 58296
003 CO-BoRNBP
005 20250821144202.0
007 ta
008 141031s9999 xx 000 0 und d
020 _a9789581401291
040 _aCO-BoRNBP
_bspa
_erda
_cCO-BoRNBP
041 _aspa
084 _aN
100 _aMejía Vallejo, Manuel,
_d1923-1998
_eaut
_91461
245 1 3 _aEl día señalado /
_cManuel Mejía Vallejo.
250 _a20a ed.
264 1 _aBogotá, Colombia :
_bPlaza and Janés,
_c2011
300 _a242 páginas
336 _atexto
_btxt
_2rdacontent
337 _asin mediación
_bn
_2rdamedia
338 _avolumen
_bnc
_2rdacarrier
650 0 7 _aGuerrillas
_zColombia
_2LEMB
_962853
650 0 4 _aNovela colombiana
_2LEMB
_91193
650 0 4 _aLiteratura colombiana
_2LEMB
_91068
942 _2loc
_cBK
999 _c58296
_d58296